000
00262nam a2200109Ia 4500
999
_c
14268
_d
14268
082
_a
RR 011 JOH
245
0
_a
Foreign theses in British libraries
260
_a
Birmingham
_b
University of Birmingham
_c
1971
300
_a
27p.
700
_a
Johnson, R.S
942
_c
BK